| 000 | 00386nam a22001457a 4500 | ||
|---|---|---|---|
| 020 | _a9788174824233 | ||
| 082 |
_a574. _bPUS/CS |
||
| 100 |
_aPushkar, Kumar _91105 |
||
| 100 |
_aSingh A.P. _91106 |
||
| 245 | _aUpkar's CSIR UGC NET/JRF/SET Life Science | ||
| 260 |
_aAgra-2 _bUpkar Prakashan _c2013 |
||
| 300 | _a672 | ||
| 500 | _aAppendix Life Science Solved Model Papers | ||
| 942 | _cBK | ||
| 999 |
_c14629 _d14629 |
||